Elenca la formazione - Quiz n°295 - Statistics

Statistiche generali
  • Questo quiz è stato fatto 62 volte
  • Il punteggio medio è 8 su 11
Statistiche sulle risposte
Ruolo Club dell'epoca Calciatore % Corretto
Centrocampista Barcellona Pedri
93%
Portiere Athletic Bilbao Unai Simón
90%
Difensore Manchester City Aymeric Laporte
80%
Attaccante Real Sociedad Mikel Oyarzabal
80%
Centrocampista Barcellona Sergio Busquets
80%
Attaccante Red Bull Lipsia Dani Olmo
79%
Centrocampista Atletico Madrid Koke
72%
Difensore Chelsea César Azpilicueta
64%
Difensore Barcellona Jordi Alba
62%
Attaccante Manchester City Ferran Torres
54%
Difensore Barcellona Eric García
25%
Nessun quiz corrispondente trovato
Distribuzione punteggi
Percentuale di utenti per punteggio
Percentile per numero di risposta
I tuoi punteggi nel tempo
Non hai fatto questo quiz